00472 2200181 4500001002100000005001700021006001900038008004100057020001800098035002500116041000700141082001000148090001600158100001300174245004700187260004200234650001400276INLIS00000000000420420140314130429.0a ||| | 180719| ||| | id  a979-22-2077-1 a0010-031300000004204 aid0 a641.7 a641.7 IND k0 aIndriani00aSeri usaha boga kue basah dalam wadah daun aJakartabGramedia pustaka utamac2006 0akue basah